000 00440nam a2200133Ia 4500
008 100328s9999 xx 000 0 und d
082 _b35579
100 _aअदवंत म. ना.
245 _aनिवडक प्रभाकर अत्रे
260 _bमंदार
630 _aनिवडक प्रभाकर अत्रे
730 _aनिवडक प्रभाकर अत्रे
942 _cBOOK
999 _c525454
_d525451